K Fenomenológii umeleckej kritiky

Umelecká kritika ako veda a povolanie.

Na minha lista:
Detalhes bibliográficos
Autor principal: Lipták, Michal
Formato: Capítulo de Livro
Idioma:eslovaco
Assuntos:
Tags: Adicionar Tag
Sem tags, seja o primeiro a adicionar uma tag!

MARC

LEADER 00000naa a2200000 4500
001 0239003
005 20220725085200.3
041 0 |a slo 
044 |a SK 
245 1 0 |a K Fenomenológii umeleckej kritiky  |c Michal Lipták 
520 |a Umelecká kritika ako veda a povolanie. 
610 2 0 |a umenie 
610 2 0 |a kritika 
610 2 0 |a veda 
610 2 0 |a povolanie 
100 1 |a Lipták, Michal